00409nam a22001337a 4500008004100000041000800041080000800049100000700057101000800064245006300072942001200135999001700147952011100164180924b xxu||||| |||| 00| 0 eng d aeng a371 a25 aEDU aThe Merriam-Webster New Book of Word HistoriescWebster, M 2udccBK c48400d48400 00102udc40708PËKGa002b002cPËKGd2018-09-24l0o371 WEBp002-3013425r2018-09-24w2018-09-24yBK